000 00624nam a2200205 a 4500
003 OSt
005 20240226150451.0
008 180220t xxu||||| |||| 000 u urd d
020 _a9789693511901
040 _c0
082 _a923.1
_bQUR 2012.
100 1 _aقرۃالعين حيدر
_9121321
245 1 0 _aکوہ دماوند
_cQurat Ul Ain Haider
246 _aKoh-e-Damaavand
260 _aLahore:
_bSang e Meel Pub;
_c2012.
300 _a96 p.
650 _aUrdu literature
_99715
942 _2ddc
_cBK
_aSADA
_k923.1 QUR 2012.
999 _c608232
_d608232